Le rêve dans la vie et la pensée de Saint Augustin
Gespeichert in:
| 1. Verfasser: | |
|---|---|
| Format: | Buch |
| Sprache: | Französisch |
| Veröffentlicht: |
París
Etudes Augustiniennes
1973
|
| Schlagworte: | |
| Tags: |
Tag hinzufügen
Keine Tags, Fügen Sie den ersten Tag hinzu!
|
MARC
| LEADER | 00000nam a2200000 a 4500 | ||
|---|---|---|---|
| 001 | UCY7033 | ||
| 003 | CL-VaPUC | ||
| 008 | 950602e19730000FR |||||||||||||||||fre|d | ||
| 082 | 0 | 4 | |a 189.2 |b DUL |2 21 |
| 100 | 0 | |a Dulaey, Martine |e author |9 337303 | |
| 245 | 1 | 3 | |a Le rêve dans la vie et la pensée de Saint Augustin |
| 300 | |a 263 p | ||
| 942 | |c BK | ||
| 945 | |d 19950602 00:00:00 |a oaravena | ||
| 260 | |a París |b Etudes Augustiniennes |c 1973 | ||
| 600 | 0 | |a San Agustín de Hipona |x Teólogo y filósofo cristiano |9 311590 | |
| 650 | 0 | |a Filosofía |9 223554 | |
| 650 | 0 | |a Edad media |9 258041 | |
| 650 | 0 | |a Cristianismo |9 257361 | |
| 650 | 0 | |a Catolicismo |9 258690 | |
| 650 | 0 | |a Filosofía del espíritu |9 320175 | |
| 650 | 7 | |a HOMBRE |2 CL-VaPUC |9 262149 | |
| 583 | |a last modification |c 19950602 00:00:00 |k Rodrigo Vera | ||
| 999 | |c 234508 |d 234506 | ||
| 952 | |0 0 |1 0 |4 0 |6 189_200000000000000_DUL_1973 |7 0 |8 P |9 240946 |a BIBEDU |b BIBEDU |d 2019-11-18 |i 1514660 |o 189.2 DUL 1973 |p 1514660 |r 2024-01-25 |w 2019-11-18 |y BK |k FIL | ||